Markets (Record no. 83199)

MARC details
000 -LEADER
fixed length control field 01194cab a22002175a 4500
001 - CONTROL NUMBER
control field L153128
008 - FIXED-LENGTH DATA ELEMENTS--GENERAL INFORMATION
fixed length control field 110610e2011 xxk 000 0 eng d
035 ## - SYSTEM CONTROL NUMBER
System control number (Sirsi) u153128
041 0# - LANGUAGE CODE
Language code of text/sound track or separate title eng
100 1# - MAIN ENTRY--PERSONAL NAME
Personal name Unger, Paul
245 00 - TITLE STATEMENT
Title Markets
Remainder of title Staffordshire and Shropshire
260 ## - PUBLICATION, DISTRIBUTION, ETC.
Date of publication, distribution, etc. 2011
490 #0 - SERIES STATEMENT
Series statement Property Week
Volume/sequential designation 77(22) 3 June 2011, 41-46(4)
520 ## - SUMMARY, ETC.
Summary, etc. Telford and Wrekin Council abandons plans to move 2000 staff to a new £40m office in the Southwater area of Telford. Developer Morris Property plans to expand its 20 acre industrial development Vanguard Park in Shrewsbury. Genr8 will submit plans by the end of 2011 for a 100 000 sq ft first phase of a £120m new business district in central Stoke-on-Trent. Realty Estates gains consent for a supermarket and commercial units in Kidsgrove, Staffordshire. The £350m redevelopment of Stoke-on-Trent's East West Centre will begin July with the construction of a new bus station.
590 ## - LOCAL NOTE (RLIN)
Local note KA
651 #4 - SUBJECT ADDED ENTRY--GEOGRAPHIC NAME
Geographic name Staffordshire
651 #4 - SUBJECT ADDED ENTRY--GEOGRAPHIC NAME
Geographic name Shropshire
690 ## - LOCAL SUBJECT ADDED ENTRY--TOPICAL TERM (OCLC, RLIN)
Topical term or geographic name as entry element PROPERTY-COMMERCIAL PROPERTY-COMMERCIAL PROPERTY MARKET
690 ## - LOCAL SUBJECT ADDED ENTRY--TOPICAL TERM (OCLC, RLIN)
Topical term or geographic name as entry element PROPERTY-COMMERCIAL PROPERTY-COMMERCIAL PROPERTY FINANCE AND INVESTMENT
942 ## - ADDED ENTRY ELEMENTS (KOHA)
Suppress in OPAC 0
Holdings
Withdrawn status Lost status Source of classification or shelving scheme Damaged status Not for loan Home library Current library Shelving location Date acquired Total Checkouts Full call number Barcode Date last seen Copy number Price effective from Koha item type
    Dewey Decimal Classification     London London Journal article 10/06/2011   L153128 153128-1001 06/08/2019 1 06/08/2019 Journal article